[Event "XVI Russian Chess Championship 2015 (women)"]
[Site "Sochi"]
[Date "2015.05.02"]
[Round "2.18"]
[White "Shaydullina, Sandugach"]
[Black "Alieva, Alexandra"]
[Result "1-0"]
[LiveChessVersion "1.4.4"]
[BlackElo "1994"]
[WhiteElo "2123"]
[BlackTeam "Academy Grandmaster Glek"]
[WhiteTeam "Ladya"]

1. d4 {[%clk 1:31:26]} d5 {[%clk 1:31:21]} 2. c4 {[%clk 1:31:41]} e6
{[%clk 1:31:47]} 3. Nf3 {[%clk 1:32:07]} Nf6 {[%clk 1:32:10]} 4. g3
{[%clk 1:32:10]} dxc4 {[%clk 1:32:33]} 5. Bg2 {[%clk 1:32:21]} Nc6
{[%clk 1:32:56]} 6. Qa4 {[%clk 1:32:23]} Bb4+ {[%clk 1:32:39]} 7. Bd2
{[%clk 1:32:46]} Nd5 {[%clk 1:32:43]} 8. Bxb4 {[%clk 1:30:22]} Ndxb4
{[%clk 1:33:08]} 9. Nc3 {[%clk 1:29:11]} O-O {[%clk 1:23:46]} 10. a3
{[%clk 1:27:08]} Nd5 {[%clk 1:12:47]} 11. Qxc4 {[%clk 1:27:29]} Na5
{[%clk 0:59:32]} 12. Qd3 {[%clk 1:21:55]} c5 {[%clk 0:49:38]} 13. O-O
{[%clk 1:08:28]} c4 {[%clk 0:42:12]} 14. Qc2 {[%clk 1:08:44]} f5 {[%clk 0:35:26]}
15. Ne5 {[%clk 1:06:12]} f4 {[%clk 0:31:45]} 16. Rad1 {[%clk 1:04:22]} Rb8
{[%clk 0:30:23]} 17. Ne4 {[%clk 0:53:53]} b5 {[%clk 0:26:24]} 18. Nc5
{[%clk 0:54:01]} Rb6 {[%clk 0:24:45]} 19. Be4 {[%clk 0:45:50]} Nf6
{[%clk 0:23:14]} 20. Bf3 {[%clk 0:44:07]} Nd5 {[%clk 0:19:50]} 21. Qd2
{[%clk 0:42:12]} Rd6 {[%clk 0:12:22]} 22. e4 {[%clk 0:37:57]} Ne7
{[%clk 0:11:13]} 23. Qc3 {[%clk 0:33:45]} Nac6 {[%clk 0:09:53]} 24. Nxc6
{[%clk 0:33:31]} Nxc6 {[%clk 0:08:44]} 25. d5 {[%clk 0:26:54]} exd5
{[%clk 0:08:58]} 26. Rxd5 {[%clk 0:26:39]} fxg3 {[%clk 0:08:51]} 27. hxg3
{[%clk 0:26:04]} Ne7 {[%clk 0:07:21]} 28. Rxd6 {[%clk 0:23:23]} Qxd6
{[%clk 0:07:47]} 29. b4 {[%clk 0:23:45]} Nc6 {[%clk 0:05:44]} 30. Rd1
{[%clk 0:23:29]} Qe5 {[%clk 0:05:11]} 31. Qe3 {[%clk 0:22:01]} Qf6
{[%clk 0:04:39]} 32. Be2 {[%clk 0:21:45]} Ne5 {[%clk 0:04:29]} 33. f4
{[%clk 0:15:04]} Ng4 {[%clk 0:04:46]} 34. Bxg4 {[%clk 0:15:21]} Bxg4
{[%clk 0:05:12]} 35. e5 {[%clk 0:15:16]} Qf5 {[%clk 0:04:24]} 36. Re1
{[%clk 0:14:15]} Re8 {[%clk 0:02:42]} 37. Ne4 {[%clk 0:14:10]} Qh5
{[%clk 0:02:20]} 38. Rf1 {[%clk 0:12:15]} Qg6 {[%clk 0:02:04]} 39. Nf2
{[%clk 0:39:32]} Bd7 {[%clk 0:31:16]} 40. Rd1 {[%clk 0:39:42]} Bc6
{[%clk 0:31:34]} 41. Kf1 {[%clk 0:37:06]} Ba8 {[%clk 0:21:46]} 42. Ke2
{[%clk 0:34:36]} h5 {[%clk 0:19:41]} 43. Rd7 {[%clk 0:32:36]} Qc6
{[%clk 0:17:50]} 44. Rd4 {[%clk 0:27:31]} Qg2 {[%clk 0:14:00]} 45. Rd6
{[%clk 0:24:43]} Bd5 {[%clk 0:13:10]} 46. Rg6 {[%clk 0:16:23]} Rd8
{[%clk 0:10:12]} 47. e6 {[%clk 0:11:54]} Re8 {[%clk 0:05:51]} 48. f5
{[%clk 0:12:05]} h4 {[%clk 0:04:03]} 49. Rxg7+ {[%clk 0:08:26]} Kxg7
{[%clk 0:04:06]} 50. Qg5+ {[%clk 0:08:51]} Kh8 {[%clk 0:02:57]} 51. Qxh4+
{[%clk 0:08:31]} Kg8 {[%clk 0:03:07]} 52. Qg5+ {[%clk 0:08:45]} Kh8
{[%clk 0:03:19]} 53. Qf6+ {[%clk 0:08:37]} Kh7 {[%clk 0:03:38]} 54. Qf7+
{[%clk 0:08:59]} Kh8 {[%clk 0:04:03]} 55. Qxe8+ {[%clk 0:09:22]} Kh7
{[%clk 0:04:15]} 56. Qg6+ {[%clk 0:09:32]} Kh8 {[%clk 0:04:40]} 57. e7
{[%clk 0:09:20]} Qf3+ {[%clk 0:04:12]} 58. Kf1 {[%clk 0:09:46]} Qg2+
{[%clk 0:04:34]} 59. Ke1 {[%clk 0:10:08]} 1-0

[Event "XVI Russian Chess Championship 2015 (women)"]
[Site "Sochi"]
[Date "2015.05.04"]
[Round "4.15"]
[White "Khazieva, Elza"]
[Black "Lingur, Zalina"]
[Result "0-1"]
[LiveChessVersion "1.4.4"]
[BlackElo "2126"]
[WhiteElo "2074"]
[BlackTeam "Grozny"]
[WhiteTeam "Ladya"]

1. e4 {[%clk 1:30:58]} c5 {[%clk 1:30:58]} 2. Nf3 {[%clk 1:31:23]} d6
{[%clk 1:31:23]} 3. d4 {[%clk 1:31:41]} cxd4 {[%clk 1:31:51]} 4. Qxd4
{[%clk 1:31:50]} e5 {[%clk 1:26:43]} 5. Bb5+ {[%clk 1:28:12]} Nd7
{[%clk 1:18:27]} 6. Qe3 {[%clk 1:16:13]} Ngf6 {[%clk 1:13:09]} 7. O-O
{[%clk 1:10:43]} Be7 {[%clk 1:12:29]} 8. Nc3 {[%clk 1:08:02]} O-O
{[%clk 1:12:04]} 9. Rd1 {[%clk 1:04:44]} Qc7 {[%clk 1:08:27]} 10. Ba4
{[%clk 0:59:49]} a6 {[%clk 0:59:20]} 11. Bb3 {[%clk 0:49:42]} Nb6
{[%clk 0:48:29]} 12. Qe2 {[%clk 0:42:46]} h6 {[%clk 0:45:41]} 13. h3
{[%clk 0:38:32]} Be6 {[%clk 0:42:26]} 14. Be3 {[%clk 0:35:38]} Rac8
{[%clk 0:38:17]} 15. Rac1 {[%clk 0:24:36]} Nc4 {[%clk 0:23:08]} 16. Bxc4
{[%clk 0:24:42]} Bxc4 {[%clk 0:22:31]} 17. Qe1 {[%clk 0:21:25]} Qc6
{[%clk 0:21:48]} 18. Nd2 {[%clk 0:17:31]} Be6 {[%clk 0:21:36]} 19. Nb3
{[%clk 0:14:09]} b6 {[%clk 0:19:19]} 20. f3 {[%clk 0:12:13]} d5 {[%clk 0:15:23]}
21. exd5 {[%clk 0:11:08]} Nxd5 {[%clk 0:15:47]} 22. Nxd5 {[%clk 0:10:46]} Bxd5
{[%clk 0:16:14]} 23. Qg3 {[%clk 0:09:44]} Rfd8 {[%clk 0:14:11]} 24. c4
{[%clk 0:02:59]} Be6 {[%clk 0:03:38]} 25. Rxd8+ {[%clk 0:02:50]} Rxd8
{[%clk 0:03:50]} 26. Bxh6 {[%clk 0:02:36]} Bf8 {[%clk 0:01:34]} 27. Bg5
{[%clk 0:01:41]} Rd3 {[%clk 0:01:17]} 28. Re1 {[%clk 0:00:41]} Qxc4
{[%clk 0:00:35]} 29. Bf6 {[%clk 0:00:34]} e4 {[%clk 0:00:39]} 30. Nc1
{[%clk 0:00:53]} Rd2 {[%clk 0:00:36]} 31. fxe4 {[%clk 0:01:01]} Qc2
{[%clk 0:00:36]} 32. Nb3 {[%clk 0:00:44]} Rd1 {[%clk 0:00:42]} 33. Rxd1
{[%clk 0:00:34]} Qxd1+ {[%clk 0:01:09]} 34. Kh2 {[%clk 0:00:57]} Bxb3
{[%clk 0:01:10]} 35. axb3 {[%clk 0:01:24]} b5 {[%clk 0:00:39]} 36. e5
{[%clk 0:00:45]} Qe2 {[%clk 0:00:45]} 37. Bd8 {[%clk 0:00:34]} Qxb2
{[%clk 0:00:45]} 38. Qe3 {[%clk 0:00:49]} Qc2 {[%clk 0:00:37]} 39. Bb6
{[%clk 0:00:51]} Be7 {[%clk 0:00:40]} 40. Qf3 {[%clk 0:30:37]} Qb2
{[%clk 0:30:41]} 41. Qa8+ {[%clk 0:29:29]} Kh7 {[%clk 0:27:52]} 42. Qd5
{[%clk 0:23:37]} Bg5 {[%clk 0:20:03]} 43. Qe4+ {[%clk 0:23:20]} g6
{[%clk 0:17:48]} 44. Be3 {[%clk 0:14:25]} Qe2 {[%clk 0:13:28]} 45. e6
{[%clk 0:01:38]} Bxe3 {[%clk 0:13:16]} 46. exf7 {[%clk 0:02:00]} Kg7
{[%clk 0:12:42]} 47. Qe8 {[%clk 0:02:17]} Bf4+ {[%clk 0:11:31]} 48. Kg1
{[%clk 0:02:44]} Qe3+ {[%clk 0:08:16]} 49. Kf1 {[%clk 0:03:09]} Qd3+
{[%clk 0:07:53]} 50. Kg1 {[%clk 0:03:15]} Be3+ {[%clk 0:05:25]} 51. Kh2
{[%clk 0:03:40]} Qd6+ {[%clk 0:05:28]} 52. Kh1 {[%clk 0:01:40]} Qd1+
{[%clk 0:05:16]} 53. Kh2 {[%clk 0:02:08]} Qg1+ {[%clk 0:05:24]} 54. Kg3
{[%clk 0:02:37]} Qf2+ {[%clk 0:05:47]} 0-1

[Event "XVI Russian Chess Championship 2015 (women)"]
[Site "Sochi"]
[Date "2015.05.05"]
[Round "5.12"]
[White "Protopopova, Anastasiya"]
[Black "Kashlinskaya, Alina"]
[Result "0-1"]
[LiveChessVersion "1.4.4"]
[BlackElo "2436"]
[WhiteElo "2100"]
[BlackTeam "SHSM-Our Heritage"]
[WhiteTeam "Grozny"]

1. Nf3 {[%clk 1:30:58]} Nf6 {[%clk 1:30:51]} 2. c4 {[%clk 1:31:20]} g6
{[%clk 1:31:13]} 3. Nc3 {[%clk 1:31:41]} Bg7 {[%clk 1:31:36]} 4. e4
{[%clk 1:32:06]} d6 {[%clk 1:32:00]} 5. d4 {[%clk 1:32:20]} O-O {[%clk 1:32:23]}
6. Be2 {[%clk 1:32:32]} Nbd7 {[%clk 1:32:44]} 7. O-O {[%clk 1:32:54]} e5
{[%clk 1:33:06]} 8. Be3 {[%clk 1:33:01]} Re8 {[%clk 1:33:30]} 9. d5
{[%clk 1:33:19]} Nh5 {[%clk 1:33:51]} 10. g3 {[%clk 1:33:34]} Bf8
{[%clk 1:34:08]} 11. Ne1 {[%clk 1:33:41]} Ng7 {[%clk 1:34:27]} 12. Nd3
{[%clk 1:33:52]} f5 {[%clk 1:34:26]} 13. f3 {[%clk 1:34:11]} Be7 {[%clk 1:34:46]}
14. Qd2 {[%clk 1:34:21]} Nf6 {[%clk 1:35:00]} 15. Bh6 {[%clk 1:34:31]} fxe4
{[%clk 1:33:39]} 16. fxe4 {[%clk 1:34:49]} Ng4 {[%clk 1:33:36]} 17. Bxg4
{[%clk 1:34:50]} Bxg4 {[%clk 1:34:00]} 18. Kg2 {[%clk 1:34:38]} Qc8
{[%clk 1:26:26]} 19. Nf2 {[%clk 1:32:59]} Bd7 {[%clk 1:26:21]} 20. h3
{[%clk 1:32:19]} Nh5 {[%clk 1:21:07]} 21. Ne2 {[%clk 1:31:52]} Nf6
{[%clk 1:05:18]} 22. g4 {[%clk 1:26:13]} c6 {[%clk 1:02:37]} 23. Ng3
{[%clk 1:17:43]} Kh8 {[%clk 1:02:42]} 24. Nd3 {[%clk 1:04:41]} cxd5
{[%clk 0:59:28]} 25. cxd5 {[%clk 1:02:57]} Qc4 {[%clk 0:58:40]} 26. Rac1
{[%clk 0:44:41]} Qxa2 {[%clk 0:54:16]} 27. Rc7 {[%clk 0:37:33]} Rac8
{[%clk 0:49:30]} 28. Rxb7 {[%clk 0:30:50]} Qa6 {[%clk 0:38:18]} 29. Rb3
{[%clk 0:24:05]} Rc4 {[%clk 0:34:09]} 30. Qg5 {[%clk 0:17:19]} Rc2+
{[%clk 0:30:33]} 31. Rf2 {[%clk 0:09:22]} Nxe4 {[%clk 0:22:49]} 32. Qe3
{[%clk 0:06:00]} Nxf2 {[%clk 0:23:05]} 33. Nxf2 {[%clk 0:05:47]} Bf8
{[%clk 0:21:04]} 34. Nge4 {[%clk 0:04:07]} Qe2 {[%clk 0:14:10]} 35. Nf6
{[%clk 0:00:35]} Bxh6 {[%clk 0:11:55]} 36. Qxe2 {[%clk 0:00:55]} Rxe2
{[%clk 0:12:19]} 37. Nxe8 {[%clk 0:00:54]} Bxe8 {[%clk 0:12:03]} 38. Kf3
{[%clk 0:00:52]} Rxf2+ {[%clk 0:07:38]} 39. Kxf2 {[%clk 0:01:17]} Bf7
{[%clk 0:07:40]} 40. Rb8+ {[%clk 0:31:00]} Kg7 {[%clk 0:38:08]} 41. Rd8
{[%clk 0:28:10]} Bxd5 {[%clk 0:33:39]} 42. Rxd6 {[%clk 0:28:07]} Bf7
{[%clk 0:33:30]} 43. Ra6 {[%clk 0:25:40]} Bc1 {[%clk 0:32:41]} 44. Rxa7
{[%clk 0:23:23]} Bxb2 {[%clk 0:32:52]} 45. Kf3 {[%clk 0:22:47]} Bd4
{[%clk 0:32:43]} 46. Rc7 {[%clk 0:22:29]} g5 {[%clk 0:30:49]} 47. Ke4
{[%clk 0:21:03]} Kf6 {[%clk 0:31:06]} 48. Rc6+ {[%clk 0:20:56]} Be6
{[%clk 0:31:18]} 49. Rc7 {[%clk 0:20:27]} h6 {[%clk 0:28:55]} 50. Rh7
{[%clk 0:18:41]} Bf7 {[%clk 0:28:29]} 51. Rh8 {[%clk 0:17:36]} Bg6+
{[%clk 0:23:07]} 52. Kd5 {[%clk 0:16:22]} Bg1 {[%clk 0:23:18]} 53. Rf8+
{[%clk 0:09:43]} Kg7 {[%clk 0:20:44]} 54. Rf1 {[%clk 0:08:38]} Bh2
{[%clk 0:20:37]} 55. Ra1 {[%clk 0:08:11]} h5 {[%clk 0:19:34]} 56. Ra7+
{[%clk 0:01:39]} Kh6 {[%clk 0:19:53]} 57. Ra8 {[%clk 0:01:02]} e4
{[%clk 0:19:25]} 58. gxh5 {[%clk 0:00:48]} Bh7 {[%clk 0:19:30]} 59. Ra7
{[%clk 0:00:37]} e3 {[%clk 0:19:15]} 60. Re7 {[%clk 0:00:50]} Bf4
{[%clk 0:19:21]} 61. Kd4 {[%clk 0:00:59]} Bf5 {[%clk 0:18:50]} 62. Re8
{[%clk 0:00:32]} Kxh5 {[%clk 0:18:50]} 63. Rh8+ {[%clk 0:00:47]} Kg6
{[%clk 0:19:19]} 64. h4 {[%clk 0:01:05]} Kg7 {[%clk 0:18:25]} 65. Ra8
{[%clk 0:00:41]} gxh4 {[%clk 0:18:28]} 66. Ra1 {[%clk 0:00:40]} h3
{[%clk 0:18:27]} 0-1

[Event "XVI Russian Chess Championship 2015 (women)"]
[Site "Sochi"]
[Date "2015.05.06"]
[Round "6.18"]
[White "Sukhareva, Evgeniya"]
[Black "Dordzhieva, Dinara"]
[Result "0-1"]
[LiveChessVersion "1.4.4"]
[BlackElo "2242"]
[WhiteElo "2175"]
[BlackTeam "Grozny"]
[WhiteTeam "Donchanka"]

1. d4 {[%clk 1:30:33]} Nf6 {[%clk 1:30:14]} 2. c4 {[%clk 1:30:50]} c5
{[%clk 1:30:34]} 3. d5 {[%clk 1:31:12]} b5 {[%clk 1:31:02]} 4. cxb5
{[%clk 1:30:55]} a6 {[%clk 1:31:29]} 5. bxa6 {[%clk 1:28:38]} g6 {[%clk 1:31:54]}
6. a7 {[%clk 1:28:35]} Rxa7 {[%clk 1:30:53]} 7. Nc3 {[%clk 1:28:57]} d6
{[%clk 1:30:58]} 8. g3 {[%clk 1:29:16]} Bg7 {[%clk 1:29:48]} 9. Bg2
{[%clk 1:29:33]} Nbd7 {[%clk 1:20:43]} 10. Nf3 {[%clk 1:29:32]} Nb6
{[%clk 1:18:59]} 11. e4 {[%clk 1:26:24]} O-O {[%clk 1:14:16]} 12. O-O
{[%clk 1:25:56]} Ba6 {[%clk 1:14:44]} 13. Re1 {[%clk 1:25:43]} Nfd7
{[%clk 1:14:42]} 14. Bf1 {[%clk 1:16:42]} Nc4 {[%clk 1:06:15]} 15. Nd2
{[%clk 0:58:26]} Nde5 {[%clk 1:02:48]} 16. Nxc4 {[%clk 0:53:10]} Nxc4
{[%clk 1:03:11]} 17. Qc2 {[%clk 0:44:52]} Qa5 {[%clk 1:00:52]} 18. Bd2
{[%clk 0:35:47]} Nxd2 {[%clk 0:50:05]} 19. Qxd2 {[%clk 0:35:50]} Bxf1
{[%clk 0:50:03]} 20. Kxf1 {[%clk 0:34:33]} Rb8 {[%clk 0:49:41]} 21. Rec1
{[%clk 0:21:45]} Qb4 {[%clk 0:39:46]} 22. Qd3 {[%clk 0:19:05]} Rab7
{[%clk 0:36:31]} 23. b3 {[%clk 0:15:02]} Qa3 {[%clk 0:34:57]} 24. Qe2
{[%clk 0:10:53]} Rb4 {[%clk 0:29:54]} 25. Qe3 {[%clk 0:04:58]} Ra8
{[%clk 0:22:08]} 26. Kg2 {[%clk 0:01:56]} h5 {[%clk 0:14:22]} 27. h4
{[%clk 0:02:11]} Bd4 {[%clk 0:14:46]} 28. Qd3 {[%clk 0:02:11]} Qb2
{[%clk 0:14:27]} 29. Ne2 {[%clk 0:00:41]} Rxa2 {[%clk 0:06:53]} 30. Rxa2
{[%clk 0:00:59]} Qxa2 {[%clk 0:07:21]} 31. Nxd4 {[%clk 0:00:51]} Rxd4
{[%clk 0:07:49]} 32. Qe3 {[%clk 0:00:44]} Qb2 {[%clk 0:07:11]} 33. Rc3
{[%clk 0:00:39]} Qb1 {[%clk 0:07:23]} 34. e5 {[%clk 0:00:33]} Re4
{[%clk 0:06:42]} 35. Qd3 {[%clk 0:00:39]} Qxd3 {[%clk 0:06:10]} 36. Rxd3
{[%clk 0:01:04]} Rxe5 {[%clk 0:06:19]} 37. f4 {[%clk 0:01:00]} Re4
{[%clk 0:05:33]} 38. Kf3 {[%clk 0:01:19]} Rb4 {[%clk 0:05:19]} 39. Ke3
{[%clk 0:01:34]} Kg7 {[%clk 0:03:50]} 40. Kf3 {[%clk 0:31:09]} Kf6
{[%clk 0:34:16]} 41. Ke3 {[%clk 0:25:16]} Kf5 {[%clk 0:30:07]} 42. Kf3
{[%clk 0:18:22]} e6 {[%clk 0:27:43]} 43. dxe6 {[%clk 0:18:07]} Kxe6
{[%clk 0:28:10]} 44. Rc3 {[%clk 0:15:23]} Kd5 {[%clk 0:27:59]} 45. Rd3+
{[%clk 0:10:28]} Kc6 {[%clk 0:27:01]} 46. Ke3 {[%clk 0:08:13]} d5
{[%clk 0:27:07]} 47. Kf3 {[%clk 0:07:51]} Kd6 {[%clk 0:26:43]} 48. g4
{[%clk 0:05:01]} f6 {[%clk 0:24:17]} 49. Kg3 {[%clk 0:03:14]} Re4
{[%clk 0:23:00]} 50. Kf3 {[%clk 0:03:11]} Kc6 {[%clk 0:20:27]} 51. Rd1
{[%clk 0:02:04]} hxg4+ {[%clk 0:18:48]} 52. Kxg4 {[%clk 0:02:25]} Re3
{[%clk 0:19:16]} 53. Ra1 {[%clk 0:01:48]} Kb5 {[%clk 0:18:26]} 54. Ra8
{[%clk 0:02:03]} d4 {[%clk 0:16:04]} 55. Rb8+ {[%clk 0:01:29]} Ka5
{[%clk 0:15:38]} 56. Rc8 {[%clk 0:00:51]} Kb4 {[%clk 0:15:56]} 57. Rb8+
{[%clk 0:00:54]} Kc3 {[%clk 0:14:05]} 58. Rc8 {[%clk 0:00:57]} d3
{[%clk 0:14:33]} 59. Rxc5+ {[%clk 0:01:19]} Kxb3 {[%clk 0:15:02]} 60. f5
{[%clk 0:01:15]} gxf5+ {[%clk 0:13:34]} 61. Kxf5 {[%clk 0:01:22]} Re5+
{[%clk 0:13:58]} 62. Ke4 0-1